00389nam a2200157Ia 45000010006000000050017000060080041000230410008000640820018000721000046000902450043001362600009001793000027001886500008002156540008002231151420260306162833.0260306t1997||||xx |||||||||||||| ||spa|| aESP a985.0632bP26 aParedes Cárdenas, Coronel MáximoeAUT 0aLa guerra santa entre Ecuador y Perú c1997 a97 páginas :c21 cm. aGEN aCHU